| 000 -ლიდერი |
| ფიქსირებული სიგრძის საკონტროლო ველი |
01835nam a22002777a 4500 |
| 003 - საკონტროლო ნომრის იდენტიფიკატორი |
| საკონტროლო ველი |
Ge_BSU |
| 005 - ბოლო ოპერაციის თარიღი და დრო |
| საკონტროლო ველი |
20220719133605.0 |
| 008 - ფიქსირებული სიგრძის მონაცემთა ელემენტები - ზოგადი ინფორმაცია |
| ფიქსირებული სიგრძის საკონტროლო ველი |
220719s2020ge xxu||||| |||| 00| 0 geo d |
| 020 ## - წიგნის საერთაშორისო სტანდარტული ნომერი |
| International Standard Book Number |
978-9941-9736-9-7 |
| 041 ## - ენის კოდი |
| Language code of text/sound track or separate title |
geo |
| 080 ## - უნივერსალური ათობითი კლასიფიკაციის ინდექსი |
| Universal Decimal Classification number |
070.32(479.22-25) +655.11(479.22-25)ჯ-21 |
| 100 ## - მთავარი ჩანაწერი - პიროვნების სახელი |
| Personal name |
ჯანელიძე, ოთარ. |
| 9 (RLIN) |
1743 |
| 245 ## - ცნობა სათაურის შესახებ |
| Title |
ბეჭდვითი სიტყვა თბილისში (1918-1921 წწ.) / |
| Statement of responsibility, etc |
ოთარ ჯანელიძე, მირიან ხოსიტაშვილი, ლევან თაქთაქიშვილი, რედ.გიორგი კეკელიძე ; თარგმანი ელენე დოლაქიძე ; დიზაინი გიგი მელაშვილი. |
| 264 ## - წარმოების, გამოცემის, დისტრიბუციის და სხვა ცნობები |
| გამოცემის, წარმოების, დისტრიბუციის... ადგილი |
თბილისი : |
| გამოცემის, წარმოების, დისტრიბუციის... სახელწოდება |
საქართველოს პარლამენტის ეროვნული ბიბლიოთეკა, |
| გამოცემის, წარმოების, დისტრიბუციის... თარიღი |
2020. |
| 300 ## - ფიზიკური აღწერა |
| Extent |
220 გვ. : |
| Other physical details |
ფოტ. ; |
| Dimensions |
24 სმ. |
| 520 ## - SUMMARY, ETC. |
| Summary, etc |
რეზიუმე ინგლისურ ენაზე. |
| 653 ## - INDEX TERM--UNCONTROLLED |
| Uncontrolled term |
ბეჭდვითი საქმე საქართველოში. |
| 700 ## - ADDED ENTRY--PERSONAL NAME |
| Personal name |
ხოსიტაშვილი, მირიან |
| 9 (RLIN) |
14440 |
| 700 ## - ADDED ENTRY--PERSONAL NAME |
| Personal name |
თაქთაქიშვილი, ლევან |
| 9 (RLIN) |
328 |
| 700 ## - ADDED ENTRY--PERSONAL NAME |
| Personal name |
კეკელიძე, გიორგი |
| Relator term |
რედაქტორი |
| 9 (RLIN) |
14441 |
| 700 ## - ADDED ENTRY--PERSONAL NAME |
| Personal name |
დოლაქიძე, ელენე |
| Relator term |
მთარგმნელი |
| 9 (RLIN) |
14442 |
| 700 ## - ADDED ENTRY--PERSONAL NAME |
| Personal name |
მელაშვილი, გიგი |
| Relator term |
დიზაინი |
| 9 (RLIN) |
14443 |
| 710 ## - ADDED ENTRY--CORPORATE NAME |
| Corporate name or jurisdiction name as entry element |
საქართველოს პარლამენტის ეროვნული ბიბლიოთეკა. |
| 9 (RLIN) |
14444 |
| 773 ## - HOST ITEM ENTRY |
| Title |
ნაჩუქარი |
| 942 ## - ADDED ENTRY ELEMENTS (KOHA) |
| Source of classification or shelving scheme |
|
| Koha item type |
წიგნი |